Lana Del Rey Songs - Statistiques

Statistiques générales
  • Ce quiz a été pris 1 722 fois
  • Le résultat moyen est 43 sur 124
Statistiques - réponses
Albums % Correct
Born To Die Born To Die
91%
Ultraviolence
81%
Summertime Sadness
79%
Video Games
73%
Lust For Life
66%
Honeymoon Honeymoon
65%
Norman Fucking Rockwell Norman Fucking Rockwell
63%
Brooklyn Baby
61%
Chemtrails Over The Country Club
60%
Born To Die / Paradise Ride
60%
Blue Jeans
58%
Sad Girl
58%
Dark Paradise
57%
Salvatore
57%
Carmen
56%
Radio
56%
Cinnamon Girl
55%
West Coast
55%
Art Deco
53%
National Anthem
53%
Lust For Life Love
52%
Blue Banisters
51%
Cherry
51%
Cola
50%
Lolita
50%
DIet Mountain Dew
48%
Did you know that there's a tunnel under Ocean Blvd
46%
Margaret
46%
Off To The Races
46%
White Mustang
46%
Pretty When You Cry
45%
The Other Woman
45%
Happiness is a butterfly
43%
Million Dollar Man
43%
Black Beauty
42%
Doin' Time
42%
This Is What Makes Us Girls
41%
Ultraviolence Cruel World
40%
Florida Kilos
40%
High By The Beach
40%
Shades Of Cool
40%
Venice Bitch
40%
Old Money
39%
A&W
37%
Gods & Monsters
37%
Let The Light In
37%
Dealer
36%
Freak
36%
Love song
36%
Money Power Glory
36%
24
35%
American
35%
Body Electric
35%
California
35%
Music To Watch Boys To
35%
Yayo
35%
Guns And Roses
34%
Summer Bummer
34%
Without You
34%
Beautiful
33%
Blue Velvet
33%
Lucky Ones
33%
Paris, Texas
33%
Fucked My Way Up To The Top
32%
Bartender
31%
Mariners Apartment Complex
31%
The greatest
31%
Chemtrails Over The Country Club White Dress
31%
Bel Air
30%
Get Free
30%
Groupie Love
30%
Religion
30%
Swan Song
30%
13 Beaches
29%
Arcadia
29%
Peppers
29%
Did you know that there's a tunnel under Ocean Blvd The Grants
29%
Heroin
28%
Living Legend
28%
Sweet
28%
Burning Desire
27%
Fuck it I love you
27%
Terrence Loves You
27%
The Blackest Day
27%
Candy Necklace
25%
Thunder
25%
Tulsa Jesus Freak
25%
Fishtail
24%
Blue Banisters Text Book
24%
Beautiful People Beautiful Problems
23%
Change
23%
Coachella
23%
God Bless America
23%
In My Feelings
23%
Taco Truck x VB
23%
Cherry Blossom
22%
hope is a dangerous thing for a woman like me to have - but I have it
22%
The Next Best American Record
22%
Tomorrow Never Came
22%
Yosemite
22%
Kintsugi
21%
Violets for Roses
21%
Don't Let Me Be Misunderstood
20%
Black Bathing Suit
19%
Dark But Just A Game
19%
Fingertips
19%
Let Me Love You Like A Woman
19%
If You Lie Down With Me
18%
Sweet Carolina
18%
When The World Was At War We Kept Dancing
18%
Burnt Norton
17%
For Free
16%
Jon Batiste Interlude
16%
Wildflower Wildfire
16%
Nectar Of The Gods
15%
Wild At Heart
15%
Breaking Up Slowly
14%
Dance Till We Die
14%
Interlude - The Trio
14%
Grandfather please stand on the shoulders of my father while he's deep sea fishing
13%
Judah Smith Interlude
12%
Not All Who Wander Are Lost
9%
God Knows I Tired
5%
How to disiappear
5%
Aucun quiz correspondant
Distribution des résultats
% des personnes avec chaque résultat
Percentile par nombre de réponses
Votre historique - résultats
Vous n’avez pas pris ce quiz